000 00548nam a22001697a 4500
003 NUST
038 _aZafar Iqbal Malik
082 _a200
100 _aSaba Javaid
_9127546
245 _aMathematical Modeling and Exact Solutions for Non-Newtonian Nano uids and Financial Mathematics
_cJavaid, Saba
264 _aIslamabad
_bSNS NUST
_c2024
300 _a238, p.
_c35 cm.
650 _aPhD-Mathematics
_9123169
700 _aSupervisor: Dr. Asim Aziz
_9127547
856 _uhttp://10.250.8.41:8080/xmlui/handle/123456789/46951
942 _2ddc
_cSC
999 _c612637
_d612637